000 00308nam a2200145Ia 4500
100 _aKane/ Gerry
942 _cBK
654 _aCRI Controller
245 _aCRI Controller Handbook
260 _bMc Graw Hill
_aCalifornia
_c1980
082 _a621.381542
300 _a6
546 _aENGLISH
999 _c32616
_d32616